Mukhtārāt min adab al-ʻArab, qism al-nathr : (Record no. 77441)
[ view plain ]
| 000 -LEADER | |
|---|---|
| fixed length control field | 00922cam a22002051a 4500 |
| 001 - CONTROL NUMBER | |
| control field | sa 68000759 |
| 003 - CONTROL NUMBER IDENTIFIER | |
| control field | DLC |
| 005 - DATE AND TIME OF LATEST TRANSACTION | |
| control field | 20260227112426.0 |
| 008 - FIXED-LENGTH DATA ELEMENTS--GENERAL INFORMATION | |
| fixed length control field | 831110s1960 ii 000 0 arar |
| 010 ## - LIBRARY OF CONGRESS CONTROL NUMBER | |
| LC control number | sa 68000759 |
| 035 ## - SYSTEM CONTROL NUMBER | |
| System control number | (OCoLC)10116492 |
| 040 ## - CATALOGING SOURCE | |
| Original cataloging agency | DLC |
| Transcribing agency | TxU |
| Modifying agency | DLC |
| 042 ## - AUTHENTICATION CODE | |
| Authentication code | premarc |
| 050 00 - LIBRARY OF CONGRESS CALL NUMBER | |
| Classification number | PJ7671 |
| Item number | .N3 1960z |
| 100 1# - MAIN ENTRY--PERSONAL NAME | |
| Personal name | Nadvī, Abulḥasan ʻAlī, |
| Dates associated with a name | 1913- |
| 245 10 - TITLE STATEMENT | |
| Title | Mukhtārāt min adab al-ʻArab, qism al-nathr : |
| Remainder of title | majmūʻah tumaththil al-adab al-ʻArabī al-Islāmī fī jamīʻ maẓāhirih wa-manāhīh al-adabīyah wa-al-tārīkhīyah wa-al-tahdhībīyah min ʻaṣr al-Islāmī al-awwal ilá al-qarn al-rābiʻ ʻashar al-Hijrī / |
| Statement of responsibility, etc. | li-Abī al-Ḥasan ʻAlī al-Ḥasanī al-Nadwī. Taʻlīq Abī al-Faḍl ʻAbd al-Ḥafīẓ al-Balyāwī. |
| 260 ## - PUBLICATION, DISTRIBUTION, ETC. | |
| Place of publication, distribution, etc. | Lakahnūʼ, |
| Name of publisher, distributor, etc. | Dār al-ʻUlūm, Nadwat al-ʻUlamāʼ |
| Date of publication, distribution, etc. | [196-?] |
| 300 ## - PHYSICAL DESCRIPTION | |
| Extent | 2 v. : |
| Dimensions | 25 cm. |
| 650 #0 - SUBJECT ADDED ENTRY--TOPICAL TERM | |
| Topical term or geographic name entry element | Arabic prose literature. |
No items available.